Ingeniería financiera
Guardat en:
| Autor principal: | |
|---|---|
| Format: | Llibre |
| Idioma: | espanyol |
| Publicat: |
Ciudad de México
McGraw Hill
2008
|
| Edició: | 1a. ed |
| Matèries: | |
| Etiquetes: |
Afegir etiqueta
Sense etiquetes, Sigues el primer a etiquetar aquest registre!
|
MARC
| LEADER | 00000nam a2200000 a 4500 | ||
|---|---|---|---|
| 001 | UCH0400 | ||
| 003 | CL-VaPUC | ||
| 008 | 090312e20080000MX |||||||||||||||||spa|d | ||
| 020 | |a 9789701066294 | ||
| 082 | 0 | 4 | |a 332 |b NEF |2 21 |
| 100 | |a Neftci, Salih N. |e autor |9 534582 | ||
| 245 | 1 | 0 | |a Ingeniería financiera |
| 250 | |a 1a. ed | ||
| 300 | |a 556 p | ||
| 942 | |c BK | ||
| 945 | |d 20090312 00:00:00 |a rbrito | ||
| 260 | |a Ciudad de México |b McGraw Hill |c 2008 | ||
| 650 | 0 | |a Finanzas |9 260832 | |
| 650 | 7 | |a FINANZAS ADMINISTRACION |2 CL-VaPUC |9 306205 | |
| 650 | 0 | |a Mercado de capitales |9 330596 | |
| 650 | 7 | |a TASAS DE INTERES |2 CL-VaPUC |9 394756 | |
| 650 | 0 | |a Análisis de mercado |9 260838 | |
| 583 | |a last modification |c 20130105 01:25:19 |k Rodrigo Vera | ||
| 999 | |c 332730 |d 332728 | ||
| 952 | |0 0 |1 0 |4 0 |6 332_000000000000000_NEF_2008 |7 0 |8 A |9 420626 |a BIBGIM |b BIBGIM |d 2019-11-22 |i 4516095 |l 1 |m 1 |o 332 NEF 2008 |p 4516095 |q 2025-07-31 |r 2020-03-05 |s 2020-03-05 |w 2019-11-22 |y BK |k COM | ||